000 00639nam a2200217Ia 4500
999 _c41085
_d41085
001 7734
003 GE_BSU
005 20220923114039.0
008 181216s2002en xx |||||||||||||| ||eng||
020 _a0471498378
040 _cGE_BSU
041 _aeng
080 _a621.396 W-58
100 _aWesolowski, Krzysztof
_914718
245 _aMobile Communication Systems /
_cKrzysztof Wesolowski
264 _aEngland :
_bWiley,
_c2002.
300 _a449 p. :
_c24 cm.
653 _aMobile Communication Systems
653 _aმობილური საკომუნიკაციო სისტემები
942 _cBK
_2udc